Biblioteca

Teología Sencilla para Gente Sencilla (Registro nro. 33827)

Detalles MARC
000 -LÍDER
Campo fijo de descripción fija 01541nam a22002537a 4500
001 - NÚMERO DE CONTROL
Campo de control 3123
003 - IDENTIFICADOR DEL NÚMERO DE CONTROL
Campo de control CO-MdFUSB
005 - FECHA Y HORA DE LA ULTIMA TRANSACCIÓN
control field 20180622073132.0
008 - ELEMENTOS DE LONGITUD FIJA -- INFORMACIÓN GENERAL
Campo fijo de descripción fija -- Información general 180508s1938 xxu||||| |||| 00| 0 spa d
040 ## - FUENTE DE CATALOGACIÓN
Agencia de catalogación original CO-MdFUSB
Idioma de catalogación spa
Agencia que realiza la transcripción CO-MdFUSB
Agencia que realiza la modificación CO-MdFUSBC
Convenciones de la descripción rda
041 0# - CÓDIGO DE IDIOMA
Código de idioma para texto/pista de sonido o título separado spa
082 04 - NÚMERO DE CLASIFICACIÓN DECIMAL DEWEY
Número de clasificación G 230 B7221t
100 1# - ASIENTO PRINCIPAL--NOMBRE PERSONAL
Nombre personal Booth, C. O.
Término relacionador autor
245 10 - TÍTULO
Título del Material Teología Sencilla para Gente Sencilla
Mención de responsabilidad, etc. / C. O. Booth ; Sara A. Hale, Traductor
264 #1 - PRODUCCIÓN, PUBLICACIÓN, DISTRIBUCIÓN, MANUFACTURA, Y COPYRIGHT
Lugar de producción, publicación, distribución, manufactura El Paso, TX., USA :
Nombre del productor, publicador, distribuidor Casa Bautista de Publicaciones,
Fecha de producción, publicación, distribución, manufactura, o copyright [1938]
300 ## - DESCRIPCIÓN FÍSICA
Extensión 175 Pag
336 ## - TIPO DE CONTENIDO
Fuente rdacontent
Término de tipo de contenido texto
Código de tipo de contenido txt
337 ## - TIPO DE MEDIO
Fuente rdamedia
Nombre del tipo de medio sin mediación
Código del tipo de medio n
338 ## - TIPO DE SOPORTE
Fuente rdacarrier
Nombre del tipo de soporte volumen
Código Tipo de soporte nc
500 ## - NOTA GENERAL
Nota General Libro en reparación
505 00 - NOTA DE CONTENIDO
Nota de contenido con formato preestablecido - Ser y caracter de Dios: - Dónde Dios nos aparece - Lo que pueda conocerse de El - La unidad de Dios - La trinidad - El hombre: - Su creación - El hombre fue hecho sujeto a un gobierno especial - El castigo de la transgresión - El hombre cayò por su propia voluntad - El camino de la salvación: - El propósito de la gracia originado con Dios - El propósito de la gracia tuvo su origen en el amor de Dios - La grandeza del don de Dios - Para quienes fue preparada la salvación de Dios - El juicio de que son salvos los creyentes - Las bendiciones de la salvación - El Hijo: su venida y su obra - Dadivas que emanan de la gracia de Dios - Como deberian vivir y trabajar los cristianos - La Biblia - La iglesia cristiana - Las ultimas cosas
650 #0 - ASIENTO SECUNDARIO DE MATERIA - TERMINO TEMÁTICO
Término temático o nombre geográfico como elemento de entrada Teología dogmática
9 (RLIN) 1260
Subdivisión general Historia
Subdivisión cronológica Edad Media, 600-1500
942 ## - TIPO DE MATERIAL (KOHA)
Tipo de Item KOHA Libros General
Existencias
Estado de Material Estado de Perdido Estado de Dañado No para Préstamo Colección Tomo Biblioteca de Origen Biblioteca Permanente Fecha de Adquisición Total de Préstamos Signatura Topográfica Código de Barras Última vez visto Última vez Préstado Ejemplar/Existencia Fecha de Remplazo Tipo de Material
        Colección General   Biblioteca FUSBC Biblioteca FUSBC 30/11/2004 1 G 230 B7221t 2667 12/12/2019 06/06/2017 1 26/01/2016 Libros General

Biblioteca FUSBC | Teléfono: (57+4) 349 88 10 Ext. 141| WhatsApp (+57) 3005338115 
E-mail: biblioteca@unisbc.edu.co | Calle 76 87-14 Robledo Palenque, Medellín, Colombia

Con tecnología Koha